| 000 | 00916cam a22002534a 4500 | ||
|---|---|---|---|
| 001 | 13982501 | ||
| 005 | 20180115072454.0 | ||
| 008 | 050525s2006 maua 001 0 eng | ||
| 010 | _a 2005049245 | ||
| 020 | _a0763736198 (pbk. : alk. paper) | ||
| 020 | _a9780763736194 (pbk. : alk. paper) | ||
| 035 | _a(OCoLC)ocm60516876 | ||
| 035 |
_a(OCoLC)60516876 _z(OCoLC)79461094 |
||
| 040 |
_aDLC _cDLC _dYDX _dBAKER _dYDXCP _dBTCTA _dDLC |
||
| 041 | _aeng | ||
| 080 | _a612.0078 ANN | ||
| 082 | 0 | 0 |
_a612.0078 ANN _222 |
| 100 | 1 | _a6 | |
| 101 | _aANA | ||
| 245 | 1 | 2 |
_aA laboratory textbook of anatomy and physiology : _cAnne B. Donnersberger, Anne Lesak Scott. |
| 906 |
_a7 _bcbc _corignew _d1 _eocip _f20 _gy-gencatlg |
||
| 942 |
_2ddc _cBK |
||
| 999 |
_c40277 _d40277 |
||